[Event "35th World Open"]
[Site "King of Prussia USA"]
[Date "2007.06.30"]
[Round "1"]
[White "Sarkar,J"]
[Black "Hansen,Lars"]
[Result "0-1"]
[WhiteElo "2418"]
[BlackElo "2251"]
[EventDate "2007.06.30"]

1. d4 d5 2. c4 c6 3. Nf3 Nf6 4. Nc3 e6 5. Bg5 Nbd7 6. e3 Qa5 7. cxd5 Nxd5
8. Qd2 Bb4 9. Rc1 h6 10. Bh4 c5 11. a3 Bxc3 12. bxc3 b6 13. Bd3 Ba6 14. c4
Qxd2+ 15. Nxd2 cxd4 16. exd4 Rc8 17. Bg3 O-O 18. O-O N7f6 19. Rfd1 Rfd8 20.
Nb3 Ne7 21. a4 Nh5 22. a5 Nxg3 23. hxg3 Kf8 24. axb6 axb6 25. f3 Rc7 26.
Kf2 Rdc8 27. Rd2 Bxc4 28. Rdc2 b5 29. Na5 Nc6 30. Nxc4 Nb4 31. Rc3 Na2 0-1

[Event "35th World Open"]
[Site "King of Prussia USA"]
[Date "2007.06.30"]
[Round "1"]
[White "Stripunsky,A"]
[Black "Banawa,Joe"]
[Result "1-0"]
[WhiteElo "2569"]
[BlackElo "2310"]
[EventDate "2007.06.30"]

1. e4 e5 2. Nf3 Nc6 3. Bb5 a6 4. Ba4 Nf6 5. d3 b5 6. Bb3 Bc5 7. Nc3 d6 8.
Nd5 h6 9. Nxf6+ Qxf6 10. Bd5 Bd7 11. c3 Rb8 12. b4 Bb6 13. a4 Ne7 14. Bb3
Ng6 15. a5 Ba7 16. Be3 Bxe3 17. fxe3 O-O 18. O-O Qe7 19. Ra2 Be6 20. Raf2
Bxb3 21. Qxb3 Qe6 22. Qxe6 fxe6 23. d4 Rbc8 24. h4 exd4 25. exd4 Rf4 26. h5
Ne7 27. Re2 Rcf8 28. e5 d5 29. Nd2 Rxf1+ 30. Nxf1 Rf5 31. Nd2 Rxh5 32. Nb3
Nf5 33. Kf2 Rg5 34. Nc5 Ng3 35. Re3 Ne4+ 36. Nxe4 dxe4 37. Rxe4 Rf5+ 38.
Ke2 Kf8 39. Re3 Ke7 40. Rg3 Rf7 41. Rg6 Kd7 42. Kd3 c6 43. c4 Re7 44. cxb5
axb5 45. Ke4 Kc7 46. Kf4 Kb7 47. Ke3 Kc7 48. Kf4 Kb7 49. Kf3 Rf7+ 50. Kg4
Rd7 51. Rxe6 Rxd4+ 52. Kf5 Rxb4 53. Rg6 Rb2 54. e6 Re2 55. Rxg7+ Ka6 56.
Rc7 Kxa5 57. Rxc6 Rf2+ 58. Ke5 Re2+ 59. Kd6 Rd2+ 60. Kc7 Rxg2 61. e7 Rg7
62. Kd6 Rg6+ 63. Kd7 Rg7 64. Rc8 b4 65. Kc6 Rg6+ 66. Kd5 Rg5+ 67. Kd4 Rg4+
68. Kd3 1-0

[Event "35th World Open"]
[Site "King of Prussia USA"]
[Date "2007.06.30"]
[Round "1"]
[White "Mikhalevski,V"]
[Black "Schneider,Ig"]
[Result "1/2-1/2"]
[WhiteElo "2590"]
[BlackElo "2337"]
[EventDate "2007.06.30"]

1. d4 d5 2. c4 e6 3. Nf3 c6 4. g3 dxc4 5. Bg2 b5 6. O-O Nf6 7. a4 Bb7 8.
Ne5 Qc8 9. b3 cxb3 10. Qxb3 b4 11. Bb2 Be7 12. Nd2 c5 13. Bxb7 Qxb7 14.
dxc5 Bxc5 15. Rac1 Na6 16. Qd3 Rd8 17. Qb5+ Qxb5 18. axb5 Rxd2 19. bxa6 Ne4
20. Nd3 O-O 21. Rc4 Rxe2 22. Rxe4 Rxe4 23. Nxc5 Rc4 24. Nb3 Rd8 25. Be5 f6
26. Bf4 Rc6 27. Ra1 Rd3 28. Rb1 Rd7 29. Be3 Rd5 30. Ra1 Rd3 31. Rb1 Rd5 32.
Nc5 Rdxc5 33. Bxc5 Rxc5 34. Rxb4 Ra5 35. Rb8+ Kf7 36. Rb7+ Kg6 37. Rxa7 h5
38. h4 e5 39. Kf1 Ra2 40. Kg1 1/2-1/2

[Event "35th World Open"]
[Site "King of Prussia USA"]
[Date "2007.06.30"]
[Round "1"]
[White "Morshedi,A"]
[Black "Ftacnik,L"]
[Result "1/2-1/2"]
[WhiteElo "2358"]
[BlackElo "2573"]
[EventDate "2007.06.30"]

1. e4 c5 2. Nf3 d6 3. d4 cxd4 4. Nxd4 Nf6 5. Nc3 a6 6. f4 Nc6 7. Be2 e6 8.
Be3 Be7 9. Qd2 Bd7 10. O-O-O b5 11. Bf3 Rc8 12. g4 b4 13. Nce2 d5 14. exd5
Nxd5 15. Bxd5 exd5 16. Nxc6 Rxc6 17. Qxd5 Qc8 18. Nd4 Rd6 19. Qe5 Bxg4 20.
Rd2 Qb7 21. Rg1 f6 22. Qa5 Rd5 23. Qa4+ Bd7 24. Qb3 g6 25. Re1 Rf8 26. f5
Bxf5 27. Nxf5 Rxf5 28. Bh6 Rf7 29. Rd8+ Kxd8 30. Qxf7 Qd7 31. Bf8 Bc5 32.
Qg8 Kc7 33. Bxc5 Rxc5 34. Rd1 Qe7 35. Qa8 Kb6 36. Qb8+ Ka5 37. a3 Rb5 38.
axb4+ Rxb4 39. Rd5+ Rb5 40. Rxb5+ axb5 41. c3 f5 42. b4+ Ka6 43. Qa8+ Qa7
44. Qc6+ Qb6 1/2-1/2

[Event "35th World Open"]
[Site "King of Prussia USA"]
[Date "2007.06.30"]
[Round "1"]
[White "Khachiyan,M"]
[Black "Tuvshintugs,B"]
[Result "1/2-1/2"]
[WhiteElo "2475"]
[BlackElo "2229"]
[EventDate "2007.06.30"]

1. e4 e5 2. Nf3 Nc6 3. Bb5 a6 4. Bxc6 dxc6 5. O-O Bg4 6. h3 h5 7. d3 Qf6 8.
Nbd2 Ne7 9. Re1 Ng6 10. d4 Bd6 11. hxg4 hxg4 12. Nh2 Rxh2 13. Qxg4 Rh4 14.
Qf5 Ne7 15. Qxf6 gxf6 16. Nf3 Rh7 17. Be3 O-O-O 18. g3 Rg8 19. Kg2 Rg4 20.
Nd2 exd4 21. Bxd4 f5 22. Bf6 fxe4 23. Bxe7 Bxe7 24. Rxe4 Rxe4 25. Nxe4 f5
26. Nd2 Bf6 27. c3 Rd7 28. Nf1 Rd5 29. Rc1 b5 30. Ne3 Rd2 31. Rc2 Rxc2 32.
Nxc2 Kd7 33. Kf3 c5 34. Kf4 Ke6 35. Ne3 Be5+ 36. Kg5 Bf6+ 37. Kg6 b4 38.
Nxf5 bxc3 39. bxc3 Bxc3 40. f4 Bd4 41. g4 Bf2 42. Ng7+ Kd5 43. Ne8 Ke4 44.
Nxc7 Kxf4 45. Nxa6 1/2-1/2

[Event "35th World Open"]
[Site "King of Prussia USA"]
[Date "2007.06.30"]
[Round "1"]
[White "Coleman,T"]
[Black "Lapshun,Y"]
[Result "0-1"]
[WhiteElo "2266"]
[BlackElo "2479"]
[EventDate "2007.06.30"]

1. d4 d5 2. c4 c6 3. Nc3 Nf6 4. e3 a6 5. Nf3 Bg4 6. cxd5 Bxf3 7. gxf3 cxd5
8. Qb3 Ra7 9. Bd2 Nc6 10. Rc1 e6 11. Na4 Nd7 12. Bd3 Bd6 13. f4 O-O 14. Nc5
Bxc5 15. dxc5 Qe7 16. Qc3 e5 17. Kd1 Rd8 18. Rg1 Raa8 19. fxe5 Ndxe5 20. f4
d4 21. exd4 Nxd3 22. Qxd3 Rxd4 23. Qe2 Rad8 24. Rc2 Qd7 25. Kc1 Qd5 26. Bc3
Qxa2 27. Bxd4 Qa1+ 28. Kd2 Rxd4+ 0-1

[Event "35th World Open"]
[Site "King of Prussia USA"]
[Date "2007.06.30"]
[Round "1"]
[White "Friedel,J"]
[Black "Aramil,W"]
[Result "1-0"]
[WhiteElo "2474"]
[BlackElo "2222"]
[EventDate "2007.06.30"]

1. e4 c5 2. Nf3 d6 3. d4 cxd4 4. Nxd4 Nf6 5. Nc3 a6 6. f4 Nbd7 7. a4 g6 8.
Bd3 Bg7 9. Nf3 Qc7 10. O-O O-O 11. Qe1 e6 12. Kh1 Nc5 13. Qh4 d5 14. e5
Nfd7 15. f5 Nxd3 16. cxd3 gxf5 17. Bh6 f6 18. d4 fxe5 19. Bxg7 Kxg7 20.
Rac1 exd4 21. Ng5 Nf6 22. Nxd5 Qd8 23. Rc7+ Kg6 24. Nf4+ 1-0

[Event "35th World Open"]
[Site "King of Prussia USA"]
[Date "2007.06.30"]
[Round "1"]
[White "Fink,S"]
[Black "Blocker,C"]
[Result "1-0"]
[WhiteElo "2153"]
[BlackElo "2386"]
[EventDate "2007.06.30"]

1. d4 Nf6 2. c4 c5 3. d5 b5 4. cxb5 a6 5. b6 d6 6. Nc3 Nbd7 7. e4 Nxb6 8.
a4 Rb8 9. Be2 g6 10. Nf3 Bg7 11. O-O O-O 12. Ra3 a5 13. Nd2 e6 14. dxe6
Bxe6 15. Nb5 d5 16. exd5 Bxd5 17. b3 Qe7 18. Nc4 Rfd8 19. Qe1 Re8 20. Be3
Ba8 21. Nxb6 Rxb6 22. Qc1 Ne4 23. Ra2 Qe6 24. Nc7 Qxb3 25. Bc4 1-0

[Event "35th World Open"]
[Site "King of Prussia USA"]
[Date "2007.06.30"]
[Round "1"]
[White "Martinez,Marce"]
[Black "Coraretti,B"]
[Result "1-0"]
[WhiteElo "2386"]
[BlackElo "1956"]
[EventDate "2007.06.30"]

1. e4 e5 2. Nf3 Nc6 3. Bb5 Bc5 4. d3 Nf6 5. O-O Nd4 6. Nxd4 Bxd4 7. Nd2 c6
8. Ba4 d6 9. c3 Bb6 10. Nc4 Bc7 11. Ne3 O-O 12. Qf3 g6 13. Bb3 Be6 14. Nc2
Bxb3 15. axb3 Ne8 16. d4 Ng7 17. Rd1 Qe7 18. dxe5 dxe5 19. Bh6 a6 20. Ne3
f6 21. h4 Rf7 22. b4 Rd8 23. Qg4 Qe6 24. Rxd8+ Bxd8 25. Rd1 Bc7 26. Qxe6
Nxe6 27. g3 Re7 28. Kg2 Nf8 29. Ng4 Kf7 30. Bxf8 Kxf8 31. Nxf6 Rf7 32. Nd7+
Ke8 33. Nc5 Bb6 34. Nd3 Rd7 35. Kf3 a5 36. bxa5 Bxa5 37. Ke2 Bb6 38. f3 Bc7
39. Nc5 Rxd1 40. Kxd1 Bb6 41. Nd3 Ke7 42. Ke2 Kd6 43. Nf2 Ba5 44. Nh3 b5
45. Ng5 h5 46. f4 exf4 47. gxf4 b4 48. cxb4 Bxb4 49. Nf7+ Ke6 50. Ne5 1-0

[Event "35th World Open"]
[Site "King of Prussia USA"]
[Date "2007.06.30"]
[Round "1"]
[White "Spigel,D"]
[Black "Stein,Alan"]
[Result "0-1"]
[WhiteElo "2013"]
[BlackElo "2412"]
[EventDate "2007.06.30"]

1. d4 Nf6 2. c4 e6 3. Nf3 c5 4. d5 d6 5. Nc3 exd5 6. cxd5 g6 7. e4 a6 8. a4
Bg4 9. Qb3 Bxf3 10. Qxb7 Nbd7 11. gxf3 Bg7 12. Bxa6 Rb8 13. Qa7 Qa5 14. Bd2
Rxb2 15. O-O-O Rxd2 16. Kxd2 Nxe4+ 17. fxe4 Qxc3+ 18. Ke2 Qc2+ 19. Ke3 Bh6+
20. f4 Bxf4+ 21. Kf3 Ne5+ 22. Kxf4 Qf2+ 23. Kg5 h6+ 0-1

[Event "35th World Open"]
[Site "King of Prussia USA"]
[Date "2007.06.30"]
[Round "2"]
[White "Predojevic,B"]
[Black "Fridman,D2"]
[Result "1/2-1/2"]
[WhiteElo "2609"]
[BlackElo "2635"]
[EventDate "2007.06.30"]

1. e4 e5 2. Nf3 Nf6 3. d4 Nxe4 4. Bd3 d5 5. dxe5 Nc6 6. O-O Bg4 7. Nc3 Nxc3
8. bxc3 Bc5 9. Bf4 O-O 10. h3 Bh5 11. Rb1 Rb8 12. g4 Bg6 13. Bf5 Ne7 14.
Qd3 Qe8 15. Bxg6 fxg6 16. Bg3 Qa4 17. e6 Qc6 18. Rfe1 Bb6 19. Nd4 Qa4 20.
Rxb6 axb6 21. Bxc7 Rbc8 22. Bd6 Rfe8 23. Qf3 Rf8 24. Qg3 Qe8 25. Bb4 h6 26.
Qd6 Nc6 27. Qxf8+ Qxf8 28. Bxf8 Kxf8 29. Nf3 Ke7 30. Rb1 Kxe6 31. Rxb6 Rc7
32. Nh4 Kf7 33. Ng2 d4 34. cxd4 Nxd4 35. Ne3 Nxc2 36. Nxc2 Rxc2 37. Rxb7+
Kf6 38. Ra7 Kg5 39. Kg2 Rc3 40. a4 Ra3 41. a5 h5 42. gxh5 Kxh5 43. Ra8 g5
44. f3 Kg6 45. Kg3 Ra4 46. a6 Kh7 47. Kf2 Ra3 48. Ke2 Kg6 49. a7 1/2-1/2

[Event "35th World Open"]
[Site "King of Prussia USA"]
[Date "2007.06.30"]
[Round "2"]
[White "Howell,D"]
[Black "Pavlovic,Milos"]
[Result "1-0"]
[WhiteElo "2518"]
[BlackElo "2534"]
[EventDate "2007.06.30"]

1. e4 e5 2. Nf3 Nc6 3. Bb5 a6 4. Ba4 Nf6 5. O-O Be7 6. Re1 b5 7. Bb3 O-O 8.
c3 d6 9. h3 h6 10. d4 Re8 11. Nbd2 Bf8 12. Nf1 Bd7 13. Ng3 Na5 14. Bc2 c5
15. d5 Nc4 16. a4 Nb6 17. a5 Nc4 18. b4 g6 19. Bd3 Rc8 20. Nd2 Nxd2 21.
Bxd2 c4 22. Bc2 Bg7 23. f4 exf4 24. Bxf4 Nh7 25. Qd2 Qh4 26. Bxd6 Re5 27.
Qf2 Ng5 28. Bxe5 Bxe5 29. Ne2 Nxh3+ 30. gxh3 Qg5+ 31. Kh1 Bxh3 32. Rg1 Qh5
33. Nf4 Bxf4 34. Qxf4 Bg4+ 35. Kg2 Qh3+ 36. Kf2 Qxc3 37. Qxg4 Qxc2+ 38. Qe2
Qc3 1-0

[Event "35th World Open"]
[Site "King of Prussia USA"]
[Date "2007.06.30"]
[Round "2"]
[White "Stanley,D"]
[Black "Sandipan,C"]
[Result "0-1"]
[WhiteElo "2019"]
[BlackElo "2552"]
[EventDate "2007.06.30"]

1. e4 c5 2. Nf3 d6 3. d4 cxd4 4. Nxd4 Nf6 5. Nc3 e6 6. Be2 Be7 7. O-O O-O
8. Be3 Nc6 9. Kh1 a6 10. a4 Bd7 11. f4 Nxd4 12. Qxd4 Bc6 13. Bf3 Qc7 14.
Rfd1 b5 15. axb5 axb5 16. Qd3 Qb7 17. b4 Rxa1 18. Rxa1 Ra8 19. Rxa8+ Qxa8
20. h3 Qa3 21. e5 Bxf3 22. exd6 Bd8 23. gxf3 Qxb4 24. Nxb5 Qe1+ 25. Kg2 Nh5
26. Bf2 Nxf4+ 27. Kg3 Qe5 28. Qf1 Bh4+ 29. Kh2 Nd3+ 0-1

[Event "35th World Open"]
[Site "King of Prussia USA"]
[Date "2007.06.30"]
[Round "2"]
[White "Simutowe,A"]
[Black "Stripunsky,A"]
[Result "0-1"]
[WhiteElo "2419"]
[BlackElo "2569"]
[EventDate "2007.06.30"]

1. c4 e5 2. Nc3 Bb4 3. e4 Bxc3 4. bxc3 Nc6 5. Ne2 d6 6. d3 Nge7 7. f4 f5 8.
exf5 Bxf5 9. Ng3 O-O 10. fxe5 Nxe5 11. d4 N5g6 12. Be2 Be6 13. Rf1 Nf5 14.
Nxf5 Bxf5 15. g3 Qe7 16. c5 Rae8 17. cxd6 cxd6 18. a4 Bg4 19. Ra2 Rxf1+ 20.
Kxf1 Qf7+ 21. Kg1 Qxa2 22. Bxg4 Qa1 23. Bd2 Qxd1+ 24. Bxd1 Ne7 25. Bf3 b6
26. Kf2 Kf7 27. Ke2 d5 28. Kd3 Ke6 29. c4 dxc4+ 30. Kxc4 Rc8+ 31. Kd3 Rf8
32. Bg4+ Nf5 33. Ke4 g6 34. d5+ Kd7 35. Bf4 h5 36. Be2 Re8+ 37. Be5 Nd6+
38. Kd4 Rc8 39. g4 Rc2 40. Bd3 Ra2 41. g5 Rxa4+ 42. Kc3 Rg4 43. Bf6 Ne4+
0-1

[Event "35th World Open"]
[Site "King of Prussia USA"]
[Date "2007.06.30"]
[Round "2"]
[White "Arakhamia,K"]
[Black "Gagunashvili,M"]
[Result "1-0"]
[WhiteElo "2435"]
[BlackElo "2625"]
[EventDate "2007.06.30"]

1. e4 c6 2. d4 d5 3. Nd2 dxe4 4. Nxe4 Bf5 5. Ng3 Bg6 6. h4 h6 7. Nf3 Nd7 8.
h5 Bh7 9. Bd3 Bxd3 10. Qxd3 e6 11. Bf4 Qa5+ 12. Bd2 Qc7 13. O-O-O Ngf6 14.
Ne4 O-O-O 15. Nxf6 Nxf6 16. Qe2 Bd6 17. Kb1 Kb8 18. g3 Ka8 19. c4 c5 20.
Bc3 cxd4 21. Nxd4 a6 22. Nb3 Qc6 23. Bxf6 gxf6 24. Rc1 Rd7 25. Rhd1 Rhd8
26. Qe3 Bf8 27. Rxd7 Rxd7 28. g4 Bg7 29. f3 Rd8 30. c5 f5 31. g5 e5 32. Na5
Qd5 33. gxh6 f4 34. Qc3 Bxh6 35. c6 b6 36. c7 Rc8 37. Nc4 Ka7 38. Qxe5 Qd3+
39. Ka1 Bf8 40. Qxf4 Bc5 41. h6 Kb7 42. Na5+ Ka8 43. Qf6 Rxc7 44. h7 Bf8
45. Rb1 1-0

[Event "35th World Open"]
[Site "King of Prussia USA"]
[Date "2007.06.30"]
[Round "2"]
[White "Fink,S"]
[Black "Friedel,J"]
[Result "0-1"]
[WhiteElo "2153"]
[BlackElo "2474"]
[EventDate "2007.06.30"]

1. d4 Nf6 2. c4 e6 3. Nf3 c5 4. d5 d6 5. Nc3 exd5 6. cxd5 g6 7. Nd2 Bg7 8.
e4 O-O 9. Be2 Na6 10. O-O Nc7 11. a4 b6 12. h3 Re8 13. Re1 Rb8 14. Bb5 Re7
15. Bf1 Qe8 16. Nc4 Nxe4 17. Rxe4 Rxe4 18. Nxd6 Re1 19. Nxe8 Rxd1 20. Nxd1
Nxe8 21. Bf4 Ra8 22. Bb5 Bb7 23. Nc3 Bxc3 24. bxc3 Bxd5 25. a5 bxa5 26.
Bxe8 Rxe8 27. Rxa5 Ra8 28. Be3 a6 29. Bxc5 h5 30. Bd4 Bc4 31. Rc5 Bd3 32.
Ra5 Bb5 33. Kh2 Kf8 34. Kg3 Ke7 35. Bc5+ Ke6 36. Bb4 Rd8 37. Ra1 Rd2 38.
Re1+ Kf5 39. h4 f6 40. Re3 Bc6 41. Re7 g5 42. hxg5 fxg5 43. Rf7+ Kg6 44.
Rc7 h4+ 45. Kh2 Be4 46. Re7 Bf5 47. Bc5 g4 48. Bd4 Rd3 49. Re3 Rxe3 50.
Bxe3 a5 51. c4 a4 52. Bc1 Bd7 53. Ba3 Kf6 54. Bb4 Ke5 55. Bc3+ Ke4 56. Bb4
Kd3 57. Be7 h3 58. f3 gxf3 59. gxh3 f2 0-1

[Event "35th World Open"]
[Site "King of Prussia USA"]
[Date "2007.06.30"]
[Round "2"]
[White "Tuvshintugs,B"]
[Black "Mikhalevski,V"]
[Result "0-1"]
[WhiteElo "2229"]
[BlackElo "2590"]
[EventDate "2007.06.30"]

1. e4 e5 2. Nf3 Nc6 3. Bb5 a6 4. Ba4 Nf6 5. O-O Nxe4 6. d4 b5 7. Bb3 d5 8.
dxe5 Be6 9. Be3 Be7 10. c3 Nc5 11. Bc2 Nd7 12. Re1 Ndxe5 13. Nxe5 Nxe5 14.
Bd4 Nc6 15. Bxg7 Rg8 16. Qh5 Kd7 17. Bh6 Bd6 18. Bxh7 Qf6 19. Bxg8 Rxg8 20.
h4 Qh8 21. Nd2 Ne7 22. Rxe6 fxe6 23. g4 Bf4 0-1

[Event "35th World Open"]
[Site "King of Prussia USA"]
[Date "2007.06.30"]
[Round "2"]
[White "Ftacnik,L"]
[Black "Uesugi,S"]
[Result "1-0"]
[WhiteElo "2573"]
[BlackElo "2139"]
[EventDate "2007.06.30"]

1. d4 Nf6 2. Nf3 g6 3. c4 Bg7 4. Nc3 d5 5. cxd5 Nxd5 6. e4 Nxc3 7. bxc3 c5
8. Be3 O-O 9. Rc1 Qa5 10. Qd2 Bg4 11. Ng5 h6 12. h3 Bd7 13. Nf3 Kh7 14. Bd3
Na6 15. d5 Rac8 16. O-O e5 17. Nh2 c4 18. Bb1 f5 19. f4 exf4 20. Rxf4 fxe4
21. Rxe4 Rce8 22. Rh4 Rxe3 23. Qxe3 Qxd5 24. Nf3 Nc5 25. Nd4 Ne6 26. Nxe6
Bxe6 27. Be4 Qd7 28. Re1 Bf7 29. Rf4 b5 30. Qf3 Kg8 31. Rxf7 Rxf7 32. Bd5
1-0

[Event "35th World Open"]
[Site "King of Prussia USA"]
[Date "2007.06.30"]
[Round "2"]
[White "Schneider,Ig"]
[Black "Khachiyan,M"]
[Result "1/2-1/2"]
[WhiteElo "2337"]
[BlackElo "2475"]
[EventDate "2007.06.30"]

1. e4 e5 2. Nf3 Nc6 3. Bb5 Nf6 4. O-O Nxe4 5. d4 Nd6 6. Bxc6 dxc6 7. dxe5
Nf5 8. Qxd8+ Kxd8 9. Nc3 h6 10. b3 Be6 11. Bb2 Be7 12. h3 h5 13. Ne4 c5 14.
Nfg5 Kd7 15. g4 hxg4 16. hxg4 Nd4 17. Rad1 Bxg4 18. f3 Bh3 19. Bxd4 cxd4
20. Rxd4+ Ke8 21. Nxh3 Rxh3 22. Kg2 Rh6 23. f4 Rd8 24. Rxd8+ Kxd8 25. Kf3
Rh3+ 1/2-1/2

[Event "35th World Open"]
[Site "King of Prussia USA"]
[Date "2007.06.30"]
[Round "2"]
[White "Fielding,P"]
[Black "Hess,Ro"]
[Result "0-1"]
[WhiteElo "2195"]
[BlackElo "2412"]
[EventDate "2007.06.30"]

1. Nf3 Nf6 2. g3 d5 3. Bg2 Nbd7 4. d4 e6 5. O-O a6 6. c4 dxc4 7. Nbd2 b5 8.
Ne5 Nxe5 9. Bxa8 Qxd4 10. Nf3 Qa7 11. Nxe5 Qxa8 12. a4 Bd6 13. Nf3 Qc6 14.
axb5 axb5 15. Nd4 Qb6 16. Nf3 Bb7 17. Be3 Qc6 18. Qd4 O-O 19. Rfc1 Ne4 20.
Qd1 Nc5 21. Bxc5 Bxc5 22. b3 c3 23. b4 Bxb4 24. Qb3 Qe4 25. Rab1 Qxe2 26.
Qxb4 Qxf3 27. Kf1 c2 28. Ra1 Rd8 0-1

[Event "35th World Open"]
[Site "King of Prussia USA"]
[Date "2007.06.30"]
[Round "2"]
[White "Carroll,W"]
[Black "Yap,N"]
[Result "0-1"]
[WhiteElo "2038"]
[BlackElo "2298"]
[EventDate "2007.06.30"]

1. e4 c5 2. c3 e6 3. d4 d5 4. exd5 exd5 5. Bb5+ Nc6 6. Qe2+ Be6 7. Be3 cxd4
8. Bxd4 a6 9. Bxc6+ bxc6 10. Nf3 h6 11. Nbd2 c5 12. Be3 Bd6 13. Nb3 Qc7 14.
O-O Nf6 15. h3 O-O 16. Rad1 Ne4 17. Nfd2 f5 18. Nxe4 fxe4 19. f3 exf3 20.
Rxf3 Rxf3 21. Qxf3 Re8 22. Qf2 Rf8 23. Qe2 Qe7 24. Re1 Bf5 25. Bf2 Be4 26.
c4 Qe5 27. g3 Rf3 28. Qxf3 Bxf3 29. Rxe5 Bxe5 30. Nd2 Be2 31. Bxc5 dxc4 32.
Kf2 Bd3 33. Ba3 Kf7 34. Nf3 Bf6 35. Ke3 Bb1 36. Kd2 Bxa2 37. Ng1 Bb1 38.
Ne2 Bf5 39. h4 Bg4 40. Nf4 Bd4 41. Ne2 Be5 42. Nf4 g5 43. hxg5 hxg5 44. Ke3
gxf4+ 45. gxf4 Bf6 0-1

[Event "35th World Open"]
[Site "King of Prussia USA"]
[Date "2007.06.30"]
[Round "2"]
[White "Zenyuk,I"]
[Black "Hansen,Ev"]
[Result "1/2-1/2"]
[WhiteElo "2177"]
[BlackElo "2175"]
[EventDate "2007.06.30"]

1. d4 e6 2. c4 c5 3. d5 exd5 4. cxd5 d6 5. Nc3 Ne7 6. e4 a6 7. a4 Ng6 8.
Nf3 Be7 9. Be2 Bg4 10. Nd2 Bxe2 11. Qxe2 Nd7 12. O-O O-O 13. Nc4 Qc7 14.
Qc2 Bf6 15. f4 Rfe8 16. Bd2 Bd4+ 17. Kh1 Nf6 18. Rae1 b6 19. Nd1 Rab8 20.
Bc3 Bxc3 21. Nxc3 b5 22. Nd2 Qd7 23. axb5 axb5 24. b4 cxb4 25. Na2 Qg4 26.
g3 h5 27. Nxb4 h4 28. Qd3 hxg3 29. Qxg3 Qxg3 30. hxg3 Ra8 31. Rf3 Ra4 32.
Rb3 Nf8 33. e5 dxe5 34. fxe5 N8d7 35. Nf3 Ng4 36. Nd3 Ra2 37. Rxb5 Ra3 38.
e6 fxe6 39. dxe6 Ndf6 40. Nde5 Nxe5 41. Nxe5 Rxe6 42. Kg2 Nh5 43. g4 Nf4+
44. Kg1 Ra2 45. Nf3 Ne2+ 46. Kf2 Nd4+ 47. Kg3 Rxe1 48. Rb8+ Kh7 49. Nxe1
Ra1 50. Re8 1/2-1/2

[Event "35th World Open"]
[Site "King of Prussia USA"]
[Date "2007.06.01"]
[Round "3"]
[White "Stripunsky,A"]
[Black "Lapshun,Y"]
[Result "1-0"]
[WhiteElo "2569"]
[BlackElo "2479"]
[EventDate "2007.06.30"]

1. c4 e5 2. Nc3 Nf6 3. Nf3 Nc6 4. e3 Be7 5. Qb3 O-O 6. a3 Re8 7. d3 d6 8.
Be2 Bf8 9. O-O a6 10. Bd2 h6 11. Rfd1 Rb8 12. Rac1 Be6 13. Qc2 Qd7 14. b4
Ne7 15. e4 Bg4 16. Be3 Ng6 17. Nd5 Nxd5 18. cxd5 Rbc8 19. h3 Bxf3 20. Bxf3
Ne7 21. d4 f5 22. dxe5 dxe5 23. Bc5 g6 24. Qb3 Kh8 25. d6 Nc6 26. dxc7 Qxc7
27. Bxf8 Rxf8 28. exf5 gxf5 29. Bxc6 bxc6 30. Qe6 Qg7 31. Rd6 a5 32. b5 c5
33. Qxh6+ Qxh6 34. Rxh6+ Kg7 35. Rc6 Rce8 36. R6xc5 e4 37. b6 Re6 38. Rb1
1-0

[Event "35th World Open"]
[Site "King of Prussia USA"]
[Date "2007.06.01"]
[Round "3"]
[White "Hansen,Lars"]
[Black "Arakhamia,K"]
[Result "1/2-1/2"]
[WhiteElo "2251"]
[BlackElo "2435"]
[EventDate "2007.06.30"]

1. Nf3 Nf6 2. g3 g6 3. b3 Bg7 4. Bb2 c5 5. c4 Nc6 6. Bg2 O-O 7. O-O d6 8.
d4 cxd4 9. Nxd4 Bd7 10. Nc3 Nxd4 11. Qxd4 Bc6 12. Qd3 Nd7 13. Rfd1 a5 14.
Qe3 Re8 15. Rab1 Qb6 16. Qf4 Bxg2 17. Kxg2 Qc6+ 18. Kg1 Nf6 19. Qe3 Rac8
20. a4 Qc5 21. Qxc5 Rxc5 22. Ba3 Rc6 23. Kg2 Nd7 24. Nb5 b6 25. g4 Nc5 26.
h4 h6 27. Bc1 Kh7 28. Be3 Rcc8 29. Rd5 Nd7 30. g5 h5 31. f4 Nc5 32. Bxc5
bxc5 33. Rf1 Rf8 34. e4 f6 35. Rd3 fxg5 36. hxg5 Rf7 37. Rdf3 Bb2 38. Kh3
Rg7 39. Kh4 Rgg8 40. R3f2 Bg7 41. Rf3 Rgd8 42. Rd3 Rf8 43. f5 Be5 44. Na7
Kg7 45. Nxc8 Rxc8 46. Rff3 Rb8 47. Rd5 Bb2 48. fxg6 Kxg6 49. Rdf5 Bg7 50.
Rf7 Re8 51. Rxg7+ Kxg7 52. Kxh5 Rh8+ 53. Kg4 Kg6 54. e5 Rh5 55. exd6 Rxg5+
56. Kf4 exd6 57. Ke4 Re5+ 58. Kd3 Kg7 59. Rf4 Re7 60. Re4 Kf7 61. Rxe7+
Kxe7 62. Ke3 Kf7 63. Kf3 Ke7 64. Ke3 1/2-1/2

[Event "35th World Open"]
[Site "King of Prussia USA"]
[Date "2007.06.01"]
[Round "3"]
[White "Martinez,Marce"]
[Black "Ftacnik,L"]
[Result "1/2-1/2"]
[WhiteElo "2386"]
[BlackElo "2573"]
[EventDate "2007.06.30"]

1. e4 c5 2. Nf3 d6 3. d4 cxd4 4. Nxd4 Nf6 5. Nc3 a6 6. Bg5 e6 7. f4 Be7 8.
Qf3 Qc7 9. O-O-O Nbd7 10. g4 b5 11. Bxf6 Nxf6 12. g5 Nd7 13. f5 Bxg5+ 14.
Kb1 Ne5 15. Qh5 Qd8 16. Nxe6 Bxe6 17. fxe6 g6 18. exf7+ Kxf7 19. Qh3 Ra7
20. Be2 Kg7 21. Nd5 Rf7 22. Qg3 Bh4 23. Qa3 Rf2 24. Qxa6 Qb8 25. Bxb5 Rc8
26. Nb4 Nf3 27. Rxd6 Nd2+ 28. Ka1 Bf6 29. e5 Bxe5 30. Rd7+ Kh6 31. Nd3 Rxc2
32. Qa4 Nc4 33. Rb1 Bxb2+ 34. Nxb2 Rxb2 35. Rxb2 Qe5 36. Rxh7+ Kxh7 37.
Qa7+ Kh6 38. Qxf2 Nxb2 39. Qd2+ g5 40. Qxb2 Qe1+ 41. Qb1 Qc3+ 1/2-1/2

[Event "35th World Open"]
[Site "King of Prussia USA"]
[Date "2007.06.01"]
[Round "3"]
[White "Gagunashvili,M"]
[Black "Critelli,J"]
[Result "1/2-1/2"]
[WhiteElo "2625"]
[BlackElo "2264"]
[EventDate "2007.06.30"]

1. d4 Nf6 2. c4 e6 3. Nc3 Bb4 4. Qc2 O-O 5. Bg5 d6 6. e3 b6 7. Bd3 h6 8.
Bh4 Bb7 9. f3 c5 10. Nge2 cxd4 11. exd4 d5 12. cxd5 Bxd5 13. O-O Bc6 14.
Be4 Be7 15. Bxf6 Bxf6 16. Rad1 Qc8 17. d5 exd5 18. Nxd5 Bxd5 19. Qxc8 Rxc8
20. Bxd5 Nc6 21. Rc1 Nd4 22. Rce1 1/2-1/2

[Event "35th World Open"]
[Site "King of Prussia USA"]
[Date "2007.06.01"]
[Round "3"]
[White "Harper,W"]
[Black "Simutowe,A"]
[Result "0-1"]
[WhiteElo "2195"]
[BlackElo "2419"]
[EventDate "2007.06.30"]

1. c4 Nf6 2. g3 d5 3. cxd5 Nxd5 4. Bg2 c5 5. Nc3 Nc7 6. Nf3 Nc6 7. O-O e6
8. d3 Be7 9. Bd2 O-O 10. Qa4 Bd7 11. Rfc1 Nd4 12. Qd1 Bc6 13. Ne4 Na6 14.
Be3 h6 15. Ne5 Bd5 16. f4 f5 17. Nd2 Bxg2 18. Kxg2 Qd5+ 19. Kg1 Bf6 20. Ng6
Rf7 21. Nc4 Nc6 22. a4 Kh7 23. Nh4 Bxh4 24. gxh4 e5 25. fxe5 Nxe5 26. Bf4
Ng6 27. Bg3 f4 28. e4 fxe3 29. Qg4 Qd4 0-1

[Event "35th World Open"]
[Site "King of Prussia USA"]
[Date "2007.06.01"]
[Round "3"]
[White "Beckman,T"]
[Black "Banawa,Joe"]
[Result "0-1"]
[WhiteElo "2052"]
[BlackElo "2310"]
[EventDate "2007.06.30"]

1. d4 Nf6 2. Nf3 c5 3. d5 e6 4. Nc3 d6 5. e4 exd5 6. exd5 Be7 7. Bb5+ Bd7
8. Bc4 Bg4 9. h3 Bh5 10. O-O Nbd7 11. Be2 Bxf3 12. Bxf3 O-O 13. Bf4 a6 14.
a4 Ne8 15. Re1 Rb8 16. a5 Bf6 17. Ra2 b5 18. axb6 Rxb6 19. Qd3 Rb4 20. Re4
Be5 21. Bd2 Nef6 22. Rxb4 cxb4 23. Ne2 Nc5 24. Qc4 a5 25. Nd4 Bxd4 26. Qxd4
Nfd7 27. Bf4 Qb6 28. b3 Re8 29. Qa1 Nb7 30. g3 Ne5 31. Kg2 Nxf3 32. Kxf3
Qc5 33. Qd1 Qc3+ 34. Be3 Qc8 35. g4 Re5 36. Bf4 Qc3+ 37. Kg2 Re4 38. Bd2
Qd4 39. Qf3 Re5 40. Bf4 Re4 41. Bd2 Re5 42. c4 Re8 43. Bf4 h6 44. Rc2 Nc5
45. Bxd6 Nd3 46. Re2 Ne1+ 47. Rxe1 Rxe1 48. c5 a4 49. bxa4 Qc4 50. c6 Re8
51. Qf5 g6 52. Qd7 Qxd5+ 53. Kg3 Qd3+ 54. f3 Qe2 55. c7 Qe1+ 56. Kf4 g5+
57. Kf5 Qb1+ 0-1